000 01376nam a22003617a 4500
003 CHAP
005 20220329143406.0
008 090218s2008 mx a r 00010 spa d
010 _a95915
011 _a96887
035 _a107544
040 _cCHAP
090 _aTesis
100 1 _aEscandón Soto, Jonathan.
_937463
245 1 0 _aFactores que influyen en el comportamiento vibratorio del puente trasero del tractor agrícola y su efecto sobre el confort del operador
_c/por Jonathan Escandón Soto
260 _aChapingo, Méx. :
_bEl autor,
_c2008
300 _a122 h. :
_bilus., cuadros, gráfs.
502 _aTesis (Ing. Mecánico Agrícola) -- UACH. Departamento de Ingeniería Mecánica Agrícola
590 _aALEPH
_b10
_c20130110
_lUCH01
_h1527
590 _aBATCH-UPD
_b10
_c20130110
_lUCH01
_h0532
590 _aBATCH-UPD
_b10
_c20130410
_lUCH01
_h0212
590 _aBATCH-UPD
_b10
_c20130914
_lUCH01
_h1317
590 _aCONVERSION
_b10
_c20130109
_lUCH01
_h1353
650 1 4 _aMaquinaria agrícola.
_971151
650 1 4 _aMecánica agrícola.
_973815
650 1 4 _aResonancia.
_996154
650 1 4 _aTractores
_xPruebas.
_9114586
650 1 4 _aVibración.
_9119045
901 _aBK
942 _cFOLL
949 _aTesis
_bBC
_cTES
_d33724002083934
_eTS1
_gDonaciØn
_h48899
_i107544
_sb
949 _aTesis
_bBC
_cTES
_d33724002083975
_eTS2
_fc.2
_gDonaciØn
_h48900
_i107544
_sb
999 _c95915
_d95915